<?xml version="1.0" encoding="UTF-8"?>
<record
    xmlns:xsi="http://www.w3.org/2001/XMLSchema-instance"
    xsi:schemaLocation="http://www.loc.gov/MARC21/slim http://www.loc.gov/standards/marcxml/schema/MARC21slim.xsd"
    xmlns="http://www.loc.gov/MARC21/slim">

  <leader>01061nam a22002891i 4500</leader>
  <controlfield tag="003">OSt</controlfield>
  <controlfield tag="005">20200928105307.0</controlfield>
  <controlfield tag="008">200910s2015    su     e      000 f ara d</controlfield>
  <datafield tag="020" ind1=" " ind2=" ">
    <subfield code="c">RM15.00</subfield>
    <subfield code="q">paperback</subfield>
    <subfield code="a">9789772554560</subfield>
  </datafield>
  <datafield tag="040" ind1=" " ind2=" ">
    <subfield code="a">PPAK</subfield>
    <subfield code="b">eng </subfield>
    <subfield code="c">PPAK</subfield>
    <subfield code="e">rda</subfield>
  </datafield>
  <datafield tag="082" ind1="0" ind2="4">
    <subfield code="2">23</subfield>
    <subfield code="a">297.12543</subfield>
  </datafield>
  <datafield tag="090" ind1="0" ind2="0">
    <subfield code="a">297.12543</subfield>
    <subfield code="b">ABI</subfield>
    <subfield code="d">G</subfield>
  </datafield>
  <datafield tag="100" ind1="1" ind2=" ">
    <subfield code="6">880-01</subfield>
    <subfield code="a"> Abi Isa Al-Tarmizi</subfield>
    <subfield code="e">author.</subfield>
    <subfield code="c">Al-Imam</subfield>
  </datafield>
  <datafield tag="245" ind1="1" ind2="0">
    <subfield code="6">880-02</subfield>
    <subfield code="a">ASSHAMAYIL Al-MUHAMMADIYAH / </subfield>
    <subfield code="c">Al-Imam Abi Isa Al-Tarmizi</subfield>
  </datafield>
  <datafield tag="264" ind1=" " ind2="1">
    <subfield code="a">Cairo, Egypt :</subfield>
    <subfield code="b">Alsahoh Publication and Distribution,</subfield>
    <subfield code="c">2015.</subfield>
  </datafield>
  <datafield tag="300" ind1=" " ind2=" ">
    <subfield code="a">264 pages ;</subfield>
    <subfield code="c">17 cm.</subfield>
  </datafield>
  <datafield tag="336" ind1=" " ind2=" ">
    <subfield code="2">rdacontent</subfield>
    <subfield code="a">text</subfield>
  </datafield>
  <datafield tag="337" ind1=" " ind2=" ">
    <subfield code="2">rdamedia</subfield>
    <subfield code="a">unmediated</subfield>
  </datafield>
  <datafield tag="338" ind1=" " ind2=" ">
    <subfield code="2">rdacarrier</subfield>
    <subfield code="a">volume</subfield>
  </datafield>
  <datafield tag="546" ind1=" " ind2=" ">
    <subfield code="a">In Arabic.</subfield>
  </datafield>
  <datafield tag="600" ind1="1" ind2=" ">
    <subfield code="a">Al-Tirmidhi, Muhammad ibn Isa, </subfield>
    <subfield code="d">d. 892</subfield>
    <subfield code="x">Hadith</subfield>
  </datafield>
  <datafield tag="650" ind1="1" ind2="0">
    <subfield code="a">Hadith (Shiites) </subfield>
    <subfield code="x">Criticism, interpretation, etc.</subfield>
  </datafield>
  <datafield tag="880" ind1="1" ind2=" ">
    <subfield code="6">100-01</subfield>
    <subfield code="a">&#x623;&#x628;&#x64A; &#x639;&#x64A;&#x633;&#x649; &#x627;&#x644;&#x62A;&#x631;&#x645;&#x630;&#x64A;</subfield>
  </datafield>
  <datafield tag="880" ind1="1" ind2="0">
    <subfield code="6">245-02</subfield>
    <subfield code="a">&#x627;&#x644;&#x634;&#x645;&#x627;&#x626;&#x644; &#x627;&#x644;&#x645;&#x62D;&#x645;&#x62F;&#x64A;&#x629;</subfield>
  </datafield>
  <datafield tag="880" ind1="1" ind2="0">
    <subfield code="6">264 : 03</subfield>
    <subfield code="a">&#x627;&#x644;&#x642;&#x627;&#x647;&#x631;&#x629; </subfield>
    <subfield code="b">: &#x62F;&#x627;&#x631; &#x627;&#x644;&#x635;&#x62D;&#x648;&#x629; &#x644;&#x644;&#x646;&#x634;&#x631; &#x648;&#x627;&#x644;&#x62A;&#x648;&#x632;&#x64A;&#x639;</subfield>
    <subfield code="c">2015.</subfield>
  </datafield>
  <datafield tag="942" ind1=" " ind2=" ">
    <subfield code="2">ddc</subfield>
    <subfield code="c">B</subfield>
  </datafield>
  <datafield tag="999" ind1=" " ind2=" ">
    <subfield code="c">178936</subfield>
    <subfield code="d">178936</subfield>
  </datafield>
  <datafield tag="952" ind1=" " ind2=" ">
    <subfield code="0">0</subfield>
    <subfield code="7">0</subfield>
    <subfield code="b">PPAK</subfield>
    <subfield code="c">G</subfield>
    <subfield code="d">2020-09-30</subfield>
    <subfield code="o">297.12543 ABI</subfield>
    <subfield code="p">A01647047</subfield>
    <subfield code="r">2020-09-30 00:00:00</subfield>
    <subfield code="y">B</subfield>
  </datafield>
</record>
